| 000 | 00909nam a2200229 a 4500 | ||
|---|---|---|---|
| 001 | 000036346 | ||
| 003 | OSt | ||
| 005 | 20210427100631.0 | ||
| 008 | 120113s1941 dr 000 0 spa d | ||
| 040 |
_aDO-SdBNP _bspa _cBNPHU |
||
| 082 | 4 |
_a610.97293 _bL864a _222 |
|
| 100 | 1 |
_aLópez Vargas, Fernándo Eliseo _962517 |
|
| 245 | 1 | 0 |
_aApuntes para la historia de la medicina en Santo Domingo / _cFernándo Eliseo López Vargas. |
| 260 |
_aCiudad Trujillo, República Dominicana : _bUniversidad de Santo Domingo; _bSindicato Nacional de Artes Gráficas, _c1941. |
||
| 300 |
_a79 p. ; _c25 cm. |
||
| 500 | _aPresentada originalmente como tesis para el doctorado. Año académico de 1941-1942, nº. 38 | ||
| 504 | _aBibliografía : p. 73-79 | ||
| 590 | _aInventariado, 2019 / DG | ||
| 650 | 4 |
_aMedicina _zRepública Dominicana _xHistoria _918658 |
|
| 910 | _aValidado. Control de calidad MFF | ||
| 942 |
_2ddc _cLBS1 |
||
| 999 |
_c35837 _d35837 |
||